[Kvantitatívne metódy a riadenie]

Recenzia na publikáciu M. Gogu: Kvantitatívne metódy a riadenie. Učebnica je rozdelená do štyroch kapitol - Informačné technológie, Štatistické metódy v účtovníctve, Makroekonomické agregáty a systém národných účtov, Finančná a poistná matematika. Určenie publikácie.

Gespeichert in:
Bibliographische Detailangaben
1. Verfasser: Beňová, Andrea
Format: Buchkapitel
Sprache:Slowakisch
Schlagworte:
Tags: Tag hinzufügen
Keine Tags, Fügen Sie das erste Tag hinzu!

MARC

LEADER 00000naa$a2200000$$$4500
001 0029125
005 20231106091827.0
041 0 |a slo 
044 |a SK 
245 1 0 |a [Kvantitatívne metódy a riadenie]  |c Andrea Beňová 
520 |a Recenzia na publikáciu M. Gogu: Kvantitatívne metódy a riadenie. Učebnica je rozdelená do štyroch kapitol - Informačné technológie, Štatistické metódy v účtovníctve, Makroekonomické agregáty a systém národných účtov, Finančná a poistná matematika. Určenie publikácie. 
610 2 0 |a recenzie 
610 2 0 |a metódy kvantitatívne 
610 2 0 |a manažment 
610 2 0 |a technológie informačné 
610 2 0 |a metódy štatistické 
610 2 0 |a účtovníctvo 
610 2 0 |a účty národné 
610 2 0 |a matematika finančná 
610 2 0 |a matematika poistná 
610 2 0 |a učebnice 
100 1 |a Beňová, Andrea